Tilastot visalle Gabon-visa

Klikkaa tästä pelataksesi tätä visaa!

Yleistilastot

  • Tätä visaa on pelattu 164 kertaa
  • Keskiarvotulos 10 / 17

Vastaustilastot

VihjeVastaus% Oikein
NaapurimaatKamerun
95%
NaapurimaatKongon tasavalta
95%
Virallinen kieliRanska
94%
NaapurimaatPäiväntasaajan Guinea
88%
Vain yhdessä valtiossa nämä peittävät suuremman osan pinta-alasta kuin GabonissaMetsät
85%
Merenlahti, jonka rannalla Gabon sijaitseeGuineanlahti
81%
PääkaupunkiLibreville
80%
Gabonin tärkein vientituoteÖljy
79%
Noin 25 % tämän kädellisen maailmanlaajuisesta kannasta elää GabonissaGorilla
67%
Tärkein ruokakasviManiokki
41%
Toiseksi suurin kaupunkiPort-{Gentil}
36%
Gabonin presidentti 1967–2009Omar {Bongo}
34%
Kolmanneksi suurin kaupunki{France}ville
33%
Gabonin läpi virtaava jokiOgooué
29%
Provinssi, jossa yllä oleva sijaitseeEstuaire
27%
Lähinnä Gabonissa elävä uhanalainen häntäapina, jolla on värikäs kuonoMandrilli
27%
Yleisin äidinkieliFang
26%

Tulosjakauma

Persentiili vastausten määrän mukaan

Jokaisen tuloksen saaneiden osuus

Tuloshistoriasi

Et ole pelannut tätä visaa